| Tag |
First Indicator |
Second Indicator |
Subfields |
| LEADER |
00000cam a2200000Mu 4500 |
| 001 |
in00002748621 |
| 006 |
m d |
| 007 |
cr |n|---||||| |
| 008 |
120430s2012 enkab ob 001 0 eng d |
| 005 |
20250816212824.2 |
| 020 |
|
|
|a 9781139338363 (electronic)
|
| 020 |
|
|
|a 1139338366 (electronic)
|
| 020 |
|
|
|z 9781107002166 (hbk.)
|
| 020 |
|
|
|z 1107002168 (hbk.)
|
| 035 |
|
|
|a (OCoLC)ocn792684533
|
| 035 |
|
|
|a (OCoLC)792684533
|
| 040 |
|
|
|a EBLCP
|b eng
|c EBLCP
|d OCLCQ
|d YDXCP
|d TXA
|d UtOrBLW
|
| 041 |
1 |
|
|a eng
|h ger
|
| 043 |
|
|
|a e-gr---
|a e------
|a aw-----
|
| 049 |
|
|
|a TXAM
|
| 050 |
|
4 |
|a GF13.3.G74
|b T4713 2012eb
|
| 082 |
0 |
4 |
|a 304.20938
|
| 100 |
1 |
|
|a Thommen, Lukas.
|
| 240 |
1 |
0 |
|a Umweltgeschichte der Antike.
|l English
|
| 245 |
1 |
3 |
|a An environmental history of ancient Greece and Rome /
|c Lukas Thommen ; translated by Philip Hill.
|
| 250 |
|
|
|a Rev. English ed.
|
| 264 |
|
1 |
|a Cambridge :
|b Cambridge University Press,
|c 2012.
|
| 300 |
|
|
|a 1 online resource (xi, 186 pages) :
|b illustrations, maps
|
| 336 |
|
|
|a text
|b txt
|2 rdacontent
|
| 337 |
|
|
|a computer
|b c
|2 rdamedia
|
| 338 |
|
|
|a online resource
|b cr
|2 rdacarrier
|
| 500 |
|
|
|a "Originally published in German by Verlag C.H. Beck ... München, 2009, as Umweltgeschichte der Antike"--Title page verso.
|
| 500 |
|
|
|a Based on Umweltgeschichte der Antike, somewhat expanded and with chapter 22, The environment in Roman Britain, added.
|
| 520 |
|
|
|a Lively and accessible account of the relationship between man and nature in Graeco-Roman antiquity.
|
| 504 |
|
|
|a Includes bibliographical references (pages 152-179) and index.
|
| 505 |
0 |
|
|a Part I. Greece. -- The geographic space -- People and nature -- Agriculture -- Forests and timber -- Gardens -- Animals -- Food -- Fire and water -- Earthquakes and volcanoes -- Mining. Part II. Rome -- The geographic space -- People and nature -- Agriculture -- Forests and timber -- Gardens -- Animals -- Food -- Fire and water -- Earthquakes and volcanoes -- Mining -- Urban problems and rural villa construction -- The environment in Roman Britain -- Conclusion.
|
| 588 |
|
|
|a Description based on print version record.
|
| 500 |
|
|
|a Electronic resource.
|
| 650 |
|
0 |
|a Human ecology
|z Greece
|x History
|y To 1500.
|
| 650 |
|
0 |
|a Human ecology
|z Rome
|x History.
|
| 651 |
|
0 |
|a Greece
|x History
|y 146 B.C.-323 A.D.
|
| 651 |
|
0 |
|a Rome
|x History
|y Republic, 265-30 B.C.
|
| 651 |
|
0 |
|a Rome
|x History
|y Empire, 30 B.C.-284 A.D.
|
| 651 |
|
0 |
|a Greece
|x Environmental conditions.
|
| 651 |
|
0 |
|a Rome
|x Environmental conditions.
|
| 650 |
|
4 |
|a Greece
|x Environmental conditions.
|
| 650 |
|
4 |
|a Greece
|x History
|x 146 B.C.-323 A.D.
|
| 650 |
|
4 |
|a Human ecology
|z Greece
|x History
|y To 1500.
|
| 650 |
|
4 |
|a Human ecology
|z Rome
|x History.
|
| 650 |
|
4 |
|a Rome
|x Environmental conditions.
|
| 650 |
|
4 |
|a Rome
|x History
|x Empire, 30 B.C.-284 A.D.
|
| 650 |
|
4 |
|a Rome
|x History
|x Republic, 265-30 B.C.
|
| 650 |
|
4 |
|a Social Science.
|
| 650 |
|
4 |
|a Environmental Studies.
|
| 655 |
|
4 |
|a Electronic books.
|
| 776 |
0 |
8 |
|i Print version:
|a Thommen, Lukas
|t An Environmental History of Ancient Greece and Rome
|d Cambridge : Cambridge University Press, c2012
|z 9781107002166
|
| 856 |
4 |
0 |
|u https://ebookcentral.proquest.com/lib/tamucs/detail.action?docID=866907
|y Connect to the full text of this electronic book
|t 0
|
| 948 |
|
|
|a cataloged
|b h
|c 2012/5/18
|d c
|e agaffey
|f 1:02:50 pm
|
| 994 |
|
|
|a C0
|b TXA
|
| 999 |
f |
f |
|s 4597d7b0-e2b3-3b0c-a9f4-90277d79a9bf
|i dcba698c-e4aa-335f-babe-1bd2a0849763
|t 0
|
| 999 |
|
|
|a MARS
|
| 952 |
f |
f |
|a Texas A&M University
|b College Station
|c Electronic Resources
|d Available Online
|t 0
|e GF13.3.G74 T4713 2012eb
|h Library of Congress classification
|
| 998 |
f |
f |
|a GF13.3.G74 T4713 2012eb
|t 0
|l Available Online
|